000 00758nam a22002657a 4500
001 607
005 20230926102041.0
020 _a9781617418556
040 _aFISKH
_beng
_cFISKH
_dFISKH
050 _aQL121
082 _a591.77
100 _aReasoner, Charles.
_d1949-
245 _aOcean /
_cby Reasoner, Charles.
260 _aGuangdong :
_bPower Printing ;
_c2012.
300 _a8 unnumbered pages :
_bBlack & White illustrations ,
_c19 cm.
505 _aH
520 _aIntroduces a variety of ocean animals.
521 _a480
_bLexile
521 _aH
_bRaz-Plus
650 _2Ocean
_aOcean
_vFictions.
650 _aBoard books.
650 _aAnimals.
_vFictions.
650 _aAnimals.
_vFiction.
_xInfancy.
942 _2ddc
_cBK
_n0
999 _c607
_d607